000 00938nam a22002537a 4500
005 20170124102953.0
010 _aA-760563
020 _c60.00
_a817124128
035 _aA-760563
037 _bCen Lib/Ret
040 _aDPL
_bHN
082 _a821
_bअरुण
100 _aअरुण कुमार केशरी
_942923
245 _aदून्दू /
_cअरुण कुमार केशरी
246 _aDvandva /
_bby Arun Kumar Keshari
260 _aवाराणसी
_bविश्वविद्यालय प्रकाशन
_c1994
270 _aचौक
_bवाराणसी
300 _a96पृ.
_c21सेमी (सजिल्द)
650 _aहिंदी साहित्य
_952136
650 _aहिंदी--काव्य
_952137
650 _aHindi literature
_952138
650 _aHindi--Poetry
_952139
942 _2ddc
_cHN
_h821
_mअरुण
999 _c113414
_d113414